Statistics for European Capital Cities

Click here to take the quiz!

General Stats

  • This quiz has been taken 30 times
    (20 since last reset)
  • The average score is 36 of 45

Answer Stats

HintAnswer% Correct
PortugalLisbon
100%
SpainMadrid
100%
NetherlandsAmsterdam
94%
GermanyBerlin
94%
BelgiumBrussels
94%
FinlandHelsinki
94%
UKLondon
94%
LuxembourgLuxembourg
94%
MonacoMonaco
94%
NorwayOslo
94%
FranceParis
94%
ItalyRome
94%
San MarinoSan Marino
94%
Vatican CityVatican City
94%
SwitzerlandBern
89%
DenmarkCopenhagen
89%
IrelandDublin
89%
IcelandReykjavik
89%
SwedenStockholm
89%
AustriaVienna
89%
PolandWarsaw
89%
AndorraAndorra la Vella
83%
GreeceAthens
83%
UkraineKiev
83%
Czech RepublicPrague
83%
RomaniaBucharest
78%
HungaryBudapest
78%
BelarusMinsk
78%
LiechtensteinVaduz
78%
CroatiaZagreb
78%
LatviaRiga
72%
BulgariaSofia
72%
MaltaValletta
72%
SerbiaBelgrade
67%
SlovakiaBratislava
67%
Bosnia and HerzegovinaSarajevo
67%
EstoniaTallinn
67%
AlbaniaTirana
67%
SloveniaLjubljana
61%
North MacedoniaSkopje
61%
LithuaniaVilnius
61%
MoldovaChisinau
56%
CyprusNicosia
56%
MontenegroPodgorica
56%
KosovoPristina
56%

Score Distribution

Percentile by Number Answered

Percent of People with Each Score

Your Score History

You have not taken this quiz since the last reset